One Name Celebrities - Statistics

General Stats
  • This quiz has been taken 342 times
    316 since last reset
  • The average score is 8 of 50
Answer Stats
Celebritie % Correct
Zendaya
85%
Beyoncé
73%
Rihanna
65%
Madonna
56%
Adele
48%
Eminem
46%
Cher
43%
Drake
38%
Prince
33%
Shakira
30%
Pink
25%
Bono
22%
Usher
20%
Kesha
18%
Fergie
15%
Sting
15%
Lorde
14%
Björk
12%
Pitbull
10%
Beck
9%
Nelly
9%
Seal
8%
Ludacris
7%
Slash
7%
Twiggy
7%
Avicii
6%
Liberace
6%
Pelé
6%
Ciara
5%
Iman
5%
Mario
5%
Neymar
5%
Flea
4%
Moby
4%
Sade
4%
Dido
3%
Enya
3%
Banksy
2%
Gotye
2%
Kaká
2%
Macklemore
2%
RuPaul
2%
Skrillex
2%
Timbaland
2%
Morrissey
1%
Robyn
1%
Afrojack
0%
Hardwell
0%
Tiësto
0%
Xuxa
0%
No matching quizzes found
Score Distribution
Percent of People with Each Score
Percentile by Number Answered
Your Score History
You have not taken this quiz since the last reset